[Event "CZE-ch U16 Girls"]
[Site "Kouty nad Desnou"]
[Date "2024.03.16"]
[Round "9"]
[White "Zadrapova, Amalie"]
[Black "Kavanova, Anezka"]
[Result "1-0"]
[WhiteElo "1857"]
[BlackElo "1661"]
[PlyCount "57"]
[EventDate "2024.03.09"]
[EventType "swiss"]
[EventRounds "9"]
[EventCountry "CZE"]
[SourceTitle "CB12_2024"]
[SourceDate "2023.10.01"]
[SourceVersion "1"]
[SourceVersionDate "2023.10.01"]
[SourceQuality "1"]

1. e4 c5 2. Nf3 d6 3. d4 cxd4 4. Nxd4 Nf6 5. Nc3 g6 6. Be3 Bg7 7. f3 0-0 8. Qd2 Nc6 9. Bc4 Bd7 10. 0-0-0 Rb8 11. Bb3 Na5 12. Kb1 b5 13. Qe2 Nc4 14. Bxc4 bxc4 15. Qxc4 Qb6 16. b3 Rfc8 17. Qd3 Qa5 18. Bd2 Qc5 19. Nde2 d5 20. e5 Bf5 21. Qd4 Qa3 22. Bc1 Qa5 23. g4 Rc4 24. Qd2 Nxg4 25. fxg4 Bxg4 26. Nxd5 Qc5 27. Bb2 Rxc2 28. Qxc2 Bf5 29. Rd3 1-0

[Event "CZE-ch U16 Girls"]
[Site "Kouty nad Desnou"]
[Date "2024.03.11"]
[Round "4"]
[White "Lackova, Ludmila"]
[Black "Zadrapova, Amalie"]
[Result "0-1"]
[WhiteElo "1652"]
[BlackElo "1857"]
[PlyCount "104"]
[EventDate "2024.03.09"]
[EventType "swiss"]
[EventRounds "9"]
[EventCountry "CZE"]
[SourceTitle "CB12_2024"]
[SourceDate "2023.10.01"]
[SourceVersion "1"]
[SourceVersionDate "2023.10.01"]
[SourceQuality "1"]

1. d4 Nf6 2. c4 g6 3. Nc3 Bg7 4. Nf3 0-0 5. g3 d6 6. Bg2 Nbd7 7. 0-0 e5 8. h3 Re8 9. Be3 a5 10. Rc1 exd4 11. Nxd4 Nc5 12. Qc2 Bd7 13. b3 Qc8 14. Kh2 Ne6 15. Ncb5 Nxd4 16. Nxd4 Re5 17. Rh1 Rh5 18. Kg1 Bxh3 19. Bxh3 Rxh3 20. Kg2 Rxh1 21. Rxh1 Ng4 22. Qd2 Nxe3+ 23. Qxe3 Qd7 24. Qd3 Re8 25. Rh4 Re5 26. Nf3 Qc6 27. Kg1 Re7 28. Nd2 f5 29. Nf3 Bf6 30. Rf4 Kg7 31. g4 Re4 32. Qd2 fxg4 33. Rxe4 Qxe4 34. Ng5 Qe7 35. f4 h6 36. Qxa5 hxg5 37. fxg5 Bxg5 38. Qc3+ Qe5 39. Qd3 Qe3+ 40. Kg2 Qxd3 41. exd3 Kf6 42. a4 Bd2 43. Kg3 Kf5 44. d4 Bc3 45. d5 g5 46. Kf2 Kf4 47. Kg2 g3 48. Kf1 Kf3 49. Kg1 Bd4+ 50. Kh1 g2+ 51. Kh2 g1Q+ 52. Kh3 Qg3# 0-1

[Event "CZE-ch U16 Girls"]
[Site "Kouty nad Desnou"]
[Date "2024.03.09"]
[Round "1"]
[White "Zadrapova, Amalie"]
[Black "Cinkova, Vicky"]
[Result "0-1"]
[WhiteElo "1857"]
[BlackElo "1682"]
[PlyCount "80"]
[EventDate "2024.03.09"]
[EventType "swiss"]
[EventRounds "9"]
[EventCountry "CZE"]
[SourceTitle "CB12_2024"]
[SourceDate "2023.10.01"]
[SourceVersion "1"]
[SourceVersionDate "2023.10.01"]
[SourceQuality "1"]

1. e4 e5 2. Nf3 Nf6 3. Nxe5 d6 4. Nf3 Nxe4 5. Nc3 Nxc3 6. dxc3 Be7 7. Be3 Nc6 8. Qd2 Be6 9. 0-0-0 Bf6 10. Kb1 a6 11. Bd3 Qd7 12. Ng5 0-0-0 13. Nxe6 Qxe6 14. Rhe1 Qg4 15. f4 Kb8 16. h3 Qd7 17. Bf2 Rde8 18. Be4 g6 19. c4 Ne7 20. Bg1 Bh4 21. g3 Bf6 22. Qf2 Nc8 23. Rd3 Qa4 24. Rb3 b6 25. Bd3 Rxe1+ 26. Qxe1 Re8 27. Qf1 Qc6 28. a3 a5 29. Ka2 a4 30. Rb4 Qd7 31. Qf3 c5 32. Rb5 Qb7 33. Qf2 Na7 34. Qf1 Nxb5 35. cxb5 Bh8 36. Bc4 d5 37. Be2 Qe7 38. Bf3 Qe1 39. Qd3 Qc1 40. c3 Re1 0-1

[Event "Wch U14 Girls"]
[Site "Montesilvano"]
[Date "2023.11.24"]
[Round "11"]
[White "Alemanova, Yasmina"]
[Black "Zadrapova, Amalie"]
[Result "0-1"]
[WhiteElo "1570"]
[BlackElo "1753"]
[PlyCount "92"]
[EventDate "2023.11.13"]
[EventType "swiss"]
[EventRounds "11"]
[EventCountry "ITA"]
[SourceTitle "CB48_2023"]
[SourceDate "2023.11.29"]
[SourceVersion "1"]
[SourceVersionDate "2023.11.29"]
[SourceQuality "1"]

1. d4 Nf6 2. Nc3 d5 3. Bf4 e6 4. a3 Bd7 5. e3 a6 6. Nf3 c5 7. Ne5 Nc6 8. Be2 Be7 9. h4 cxd4 10. exd4 Qb6 11. Nxc6 Bxc6 12. Rb1 Rc8 13. f3 Nh5 14. Be5 Qd8 15. Kf2 f6 16. Bh2 f5 17. f4 Nf6 18. g3 h5 19. Re1 g6 20. Kg2 Ne4 21. Nxe4 dxe4 22. Bg1 Bd5 23. Be3 Kf7 24. b3 b5 25. a4 Bb4 26. Rf1 Qa5 27. axb5 axb5 28. Ra1 Qb6 29. Rf2 Rc3 30. Qc1 Rxe3 31. c4 Rc3 32. Qb2 e3+ 33. cxd5 exf2 34. dxe6+ Qxe6 35. Ra7+ Kf6 36. Qa2 Qe4+ 37. Kh2 f1N+ 38. Bxf1 Rc2+ 39. Qxc2 Qxc2+ 40. Kh3 Qe4 41. Bg2 Qxd4 42. Rb7 Be1 43. Rxb5 Qe3 44. Kh2 Bxg3+ 45. Kh1 Qe1+ 46. Bf1 Qxf1# 0-1

[Event "Wch U14 Girls"]
[Site "Montesilvano"]
[Date "2023.11.23"]
[Round "10"]
[White "Zadrapova, Amalie"]
[Black "Sodgerelt, Naranbold"]
[Result "0-1"]
[WhiteElo "1753"]
[BlackElo "1419"]
[PlyCount "88"]
[EventDate "2023.11.13"]
[EventType "swiss"]
[EventRounds "11"]
[EventCountry "ITA"]
[SourceTitle "CB48_2023"]
[SourceDate "2023.11.29"]
[SourceVersion "1"]
[SourceVersionDate "2023.11.29"]
[SourceQuality "1"]

1. e4 c5 2. Nf3 d6 3. d4 cxd4 4. Nxd4 Nf6 5. Nc3 a6 6. Be3 e5 7. Nf3 Qc7 8. Qd2 b5 9. a3 Bb7 10. Bd3 Be7 11. Bg5 Nbd7 12. 0-0 Nc5 13. Rfe1 h6 14. Bxf6 Bxf6 15. Bxb5+ axb5 16. Nxb5 Qd7 17. Nxd6+ Kf8 18. b4 Ne6 19. Nxb7 Qxb7 20. a4 Rd8 21. Qc3 Nd4 22. a5 Rc8 23. a6 Qa8 24. Qd3 Nxc2 25. b5 Nxe1 26. Nxe1 Rb8 27. Nc2 Kg8 28. Nb4 Kh7 29. Nd5 Bd8 30. Qc4 Bb6 31. Nf6+ Kg6 32. Nd7 Qa7 33. Nxe5+ Kh7 34. Nd3 Rbc8 35. Qd5 Rhd8 36. Qb3 Bd4 37. Nb2 Rc3 38. Qb4 Rc2 39. Kh1 Rxb2 40. Qe1 Rxb5 41. Rd1 Bxf2 42. Qe2 Qe3 43. Qxe3 Rxd1+ 44. Qe1 Rxe1# 0-1

[Event "Wch U14 Girls"]
[Site "Montesilvano"]
[Date "2023.11.13"]
[Round "1"]
[White "Kostadinova, Fabiyana"]
[Black "Zadrapova, Amalie"]
[Result "0-1"]
[WhiteElo "1259"]
[BlackElo "1753"]
[PlyCount "64"]
[EventDate "2023.11.13"]
[EventType "swiss"]
[EventRounds "11"]
[EventCountry "ITA"]
[SourceTitle "CB48_2023"]
[SourceDate "2023.11.29"]
[SourceVersion "1"]
[SourceVersionDate "2023.11.29"]
[SourceQuality "1"]

1. d4 Nf6 2. c4 g6 3. Nf3 Bg7 4. e3 0-0 5. Bd3 d6 6. Nbd2 Nbd7 7. 0-0 e5 8. dxe5 dxe5 9. Ne4 Nxe4 10. Bxe4 Qe7 11. Bc2 f5 12. e4 f4 13. Qe2 g5 14. Nd2 Nf6 15. f3 h5 16. h3 Bh6 17. Qf2 g4 18. fxg4 hxg4 19. Kh1 Nh5 20. Rg1 Ng3+ 21. Kh2 Qh4 22. Bd1 Rd8 23. Re1 Be6 24. b3 Rxd2 25. Bxd2 gxh3 26. Bf3 hxg2+ 27. Kxg2 Bh3+ 28. Kg1 Kf7 29. Qc5 Rg8 30. Qd5+ Be6 31. Qxe5 Nxe4+ 32. Bg2 Qf2+ 0-1

[Event "Klatovy op-A 29th"]
[Site "Klatovy"]
[Date "2023.07.02"]
[Round "2"]
[White "Flajsman, Petr"]
[Black "Zadrapova, Amalie"]
[Result "1/2-1/2"]
[WhiteElo "1956"]
[BlackElo "1789"]
[PlyCount "121"]
[EventDate "2023.07.01"]
[EventType "swiss"]
[EventRounds "9"]
[EventCountry "CZE"]
[SourceTitle "CBM 215 Extra"]
[Source "ChessBase"]
[SourceDate "2023.09.30"]
[SourceVersion "1"]
[SourceVersionDate "2023.09.30"]
[SourceQuality "1"]

1. d4 Nf6 2. Nf3 g6 3. c4 Bg7 4. Nc3 0-0 5. e4 d6 6. h3 e5 7. Be3 Nh5 8. g4 Nf4 9. Qd2 g5 10. 0-0-0 exd4 11. Nxd4 Be5 12. Nf3 Qf6 13. Nxg5 Bxc3 14. Qxc3 Qxc3+ 15. bxc3 Ng6 16. c5 dxc5 17. Bxc5 Re8 18. Bb5 c6 19. Bd3 Ne5 20. f4 Nxd3+ 21. Rxd3 Nd7 22. Ba3 h6 23. Nf3 Rxe4 24. f5 Re8 25. Rhd1 Nf6 26. Rd8 Bd7 27. Rxa8 Rxa8 28. Ne5 Be8 29. c4 b6 30. Be7 Ne4 31. Rd4 Ng5 32. h4 Nh7 33. g5 hxg5 34. hxg5 Kg7 35. Rh4 c5 36. f6+ Kg8 37. Rh5 Rb8 38. Rh4 b5 39. g6 fxg6 40. f7+ Bxf7 41. Nxf7 Rb7 42. Nh6+ Kg7 43. Bxc5 g5 44. Rh2 Rc7 45. Bd4+ Kg6 46. c5 Nf6 47. Kb2 Nd7 48. c6 Rxc6 49. Bxa7 Ne5 50. Ng8 Nd3+ 51. Kb3 Rc4 52. Be3 g4 53. Ne7+ Kf6 54. Nd5+ Ke5 55. Nc3 Rb4+ 56. Kc2 Rb2+ 57. Kxd3 Rxh2 58. Ne2 Rh3 59. Nf4 Rf3 60. Ng6+ Kf6 61. Nf4 1/2-1/2

[Event "CZE-ch U14 Girls"]
[Site "Teplice"]
[Date "2023.03.13"]
[Round "3"]
[White "Barteckova, Valerie"]
[Black "Zadrapova, Amalie"]
[Result "0-1"]
[WhiteElo "1478"]
[BlackElo "1665"]
[PlyCount "132"]
[EventDate "2023.03.11"]
[EventType "swiss"]
[EventRounds "9"]
[EventCountry "CZE"]
[SourceTitle "CBM 213 Extra"]
[Source "ChessBase"]
[SourceDate "2023.05.31"]
[SourceVersion "1"]
[SourceVersionDate "2023.05.31"]
[SourceQuality "1"]

1. d4 Nf6 2. c4 g6 3. Nc3 Bg7 4. Bf4 0-0 5. e3 d6 6. Bd3 Nbd7 7. Nf3 Nh5 8. Bg3 f5 9. Be2 Nxg3 10. hxg3 Nf6 11. Qb3 e6 12. 0-0 Qe7 13. Rfd1 Kh8 14. Qc2 Bd7 15. Kh2 Ng4+ 16. Kg1 c6 17. Nh4 Rad8 18. Rd2 e5 19. d5 f4 20. exf4 exf4 21. Bxg4 Bxg4 22. Qxg6 hxg6 23. Nxg6+ Kh7 24. Nxe7 Rde8 25. f3 Bd7 26. Re1 Rf7 27. Rde2 Be5 28. Ne4 Rfxe7 29. gxf4 Bd4+ 30. Kf1 Kg6 31. b3 cxd5 32. Nxd6 Rxe2 33. Rxe2 Rxe2 34. Kxe2 dxc4 35. Nxc4 Bb5 36. Kd3 Bf2 37. Ke4 Bxc4 38. bxc4 Bg3 39. f5+ Kg5 40. a3 Bd6 41. a4 Bg3 42. f4+ Bxf4 43. f6 Bd6 44. Kd5 Bf8 45. Ke6 Kg6 46. Kd7 Bc5 47. Ke6 a5 48. Ke5 b6 49. Ke6 Bb4 50. Ke5 Bc3+ 51. Kd5 Kxf6 52. c5 bxc5 53. Kxc5 Ke5 54. Kc4 Bb4 55. Kd3 Kf4 56. Ke2 Kg3 57. Kd3 Kxg2 58. Kc4 Kf3 59. Kd3 Kf2 60. Kc2 Ke2 61. Kb3 Kd3 62. Ka2 Kc3 63. Ka1 Kb3 64. Kb1 Kxa4 65. Ka2 Bc3 66. Kb1 Kb3 0-1

[Event "CZE-ch U14 Girls"]
[Site "Teplice"]
[Date "2023.03.13"]
[Round "4"]
[White "Zadrapova, Amalie"]
[Black "Rybackova, Lucie"]
[Result "1/2-1/2"]
[WhiteElo "1665"]
[BlackElo "1716"]
[PlyCount "85"]
[EventDate "2023.03.11"]
[EventType "swiss"]
[EventRounds "9"]
[EventCountry "CZE"]
[SourceTitle "CBM 213 Extra"]
[Source "ChessBase"]
[SourceDate "2023.05.31"]
[SourceVersion "1"]
[SourceVersionDate "2023.05.31"]
[SourceQuality "1"]

1. e4 c6 2. d4 d5 3. exd5 cxd5 4. c4 Nf6 5. Nc3 g6 6. Qb3 Nbd7 7. cxd5 Nb6 8. Be2 Nfxd5 9. Bd2 Nf6 10. Nf3 Bg7 11. 0-0 0-0 12. Qd1 h6 13. a4 Be6 14. Nb5 a6 15. Na3 Rc8 16. Rc1 Rxc1 17. Bxc1 Qd6 18. a5 Nbd7 19. Nc4 Bxc4 20. Bxc4 Qb4 21. Qb3 Qxb3 22. Bxb3 b6 23. Re1 e6 24. axb6 Rb8 25. Bc4 Rxb6 26. b3 Nd5 27. Bd2 g5 28. h3 Nb8 29. Ra1 Nc6 30. Rxa6 Rxa6 31. Bxa6 Nxd4 32. Nxd4 Bxd4 33. Bc4 Nb6 34. Kf1 Kg7 35. Bb5 f5 36. Ke2 Kf6 37. f3 Ke5 38. Kd3 Nd5 39. Bc4 Bb6 40. Bxd5 Kxd5 41. h4 Bd8 42. hxg5 hxg5 43. b4 1/2-1/2

[Event "CZE-chT2F 2223"]
[Site "Czech Republic"]
[Date "2022.12.04"]
[Round "4"]
[White "Szotkowski, Marek"]
[Black "Zadrapova, Amalie"]
[Result "0-1"]
[WhiteElo "1581"]
[BlackElo "1649"]
[PlyCount "64"]
[EventDate "2022.10.16"]
[EventType "team-tourn"]
[EventRounds "11"]
[EventCountry "CZE"]
[SourceTitle "EXT 2024"]
[Source "ChessBase"]
[SourceDate "2023.10.10"]
[SourceVersion "1"]
[SourceVersionDate "2023.10.10"]
[SourceQuality "1"]
[WhiteTeam "Cesky Tesin Slavoj"]
[BlackTeam "Vsetin"]
[WhiteTeamCountry "CZE"]
[BlackTeamCountry "CZE"]

1. e4 c5 2. Nf3 d6 3. Nc3 Nf6 4. Be2 e6 5. b3 Be7 6. Bb2 Nc6 7. 0-0 0-0 8. d3 a6 9. h3 b5 10. Qd2 d5 11. exd5 exd5 12. Nd1 d4 13. Nh2 Re8 14. f4 Bd6 15. Bf3 Bb7 16. Nf2 Qc7 17. g3 Na5 18. Rae1 Bxf3 19. Nxf3 Nd5 20. Nxd4 cxd4 21. Bxd4 Rxe1 22. Qxe1 Nc6 23. Bb2 Qd7 24. Qd2 Re8 25. Re1 Bc5 26. Rxe8+ Qxe8 27. Kh2 Nd4 28. Bxd4 Bxd4 29. Ne4 f5 30. Ng5 Ne3 31. Qc1 Qc6 32. Qh1 Qxc2+ 0-1

[Event "Valasska Bystrice op 13th"]
[Site "Valasska Bystrice"]
[Date "2022.09.13"]
[Round "5"]
[White "Holis, Matyas"]
[Black "Zadrapova, Amalie"]
[Result "0-1"]
[WhiteElo "1213"]
[BlackElo "1584"]
[PlyCount "58"]
[EventDate "2022.09.10"]
[EventType "swiss"]
[EventRounds "9"]
[EventCountry "CZE"]
[SourceTitle "CBM 210 Extra"]
[Source "ChessBase"]
[SourceDate "2022.11.30"]
[SourceVersion "1"]
[SourceVersionDate "2022.11.30"]
[SourceQuality "1"]

1. d4 d5 2. Nf3 Nf6 3. Bf4 c6 4. Nbd2 Bf5 5. c3 Nbd7 6. e3 e6 7. Be2 Be7 8. 0-0 0-0 9. Rc1 c5 10. Qb3 b6 11. c4 Rc8 12. Ne5 cxd4 13. exd4 dxc4 14. Bxc4 Nb8 15. Qe3 Nd5 16. Qg3 Nxf4 17. Qxf4 Bg5 18. Qf3 Bxd2 19. Rcd1 Bg5 20. d5 Bc2 21. dxe6 Bxd1 22. Rxd1 Qf6 23. exf7+ Kh8 24. Qd5 Rcd8 25. Nd7 Rxd7 26. Qe4 Rxd1+ 27. Bf1 Qxf7 28. f3 Re8 29. Qc2 Be3+ 0-1

[Event "CZE-ch Rapid (Women)"]
[Site "Ceska Trebova"]
[Date "2022.05.14"]
[Round "7"]
[White "Holusova, Tana"]
[Black "Zadrapova, Amalie"]
[Result "1-0"]
[WhiteElo "2041"]
[BlackElo "1542"]
[PlyCount "93"]
[EventDate "2022.05.14"]
[EventType "swiss (rapid)"]
[EventRounds "9"]
[EventCountry "CZE"]
[SourceTitle "CBM 208 Extra"]
[Source "ChessBase"]
[SourceDate "2022.07.31"]
[SourceVersion "1"]
[SourceVersionDate "2022.07.31"]
[SourceQuality "1"]

1. e4 c5 2. Nf3 d6 3. d4 cxd4 4. Nxd4 Nf6 5. Nc3 a6 6. Be2 e5 7. Nb3 Be6 8. 0-0 d5 9. exd5 Nxd5 10. Ne4 Nc6 11. Nbc5 Bc8 12. c4 Nc7 13. Na4 Bf5 14. Nac3 Be7 15. Qb3 Qc8 16. Ng3 Bd7 17. Be3 Na5 18. Qc2 0-0 19. Bd3 h6 20. Rac1 Ne6 21. Nd5 Bc5 22. Bxh6 gxh6 23. Qd2 Nf4 24. Qxa5 Nxd3 25. Nf6+ Kh8 26. Qd2 Nf4 27. Qxd7 Kg7 28. Qxc8 Raxc8 29. Nd7 Rfe8 30. Nxc5 Rxc5 31. Rc2 Rec8 32. Nf5+ Kh7 33. Nd6 R8c7 34. g3 Ne6 35. Ne4 R5c6 36. b3 Nd4 37. Rb2 f5 38. Nc3 Rg7 39. Nd5 f4 40. Rd1 h5 41. Kf1 fxg3 42. fxg3 Rf7+ 43. Kg2 Rg6 44. Rf2 Rxf2+ 45. Kxf2 Rg7 46. Ke3 Rg4 47. Nf6+ 1-0

[Event "CZE-ch Rapid (Women)"]
[Site "Ceska Trebova"]
[Date "2022.05.14"]
[Round "1"]
[White "Movsesian, Julia"]
[Black "Zadrapova, Amalie"]
[Result "1-0"]
[WhiteElo "2313"]
[BlackElo "1542"]
[PlyCount "73"]
[EventDate "2022.05.14"]
[EventType "swiss (rapid)"]
[EventRounds "9"]
[EventCountry "CZE"]
[SourceTitle "CBM 208 Extra"]
[Source "ChessBase"]
[SourceDate "2022.07.31"]
[SourceVersion "1"]
[SourceVersionDate "2022.07.31"]
[SourceQuality "1"]

1. e4 c5 2. Nc3 d6 3. d4 cxd4 4. Qxd4 Nc6 5. Qd2 Nf6 6. b3 e6 7. Bb2 Bd7 8. 0-0-0 Be7 9. Kb1 a5 10. a4 Nb4 11. f3 0-0 12. g4 Rc8 13. h4 Rc5 14. h5 h6 15. Nh3 Nh7 16. Be2 Ng5 17. Nxg5 Rxg5 18. f4 Rc5 19. Bc4 Bc6 20. Rhg1 d5 21. exd5 exd5 22. Be2 d4 23. Qxd4 Qxd4 24. Rxd4 Rxc3 25. Bxc3 Bc5 26. Rgd1 Bxd4 27. Rxd4 Re8 28. Bc4 Be4 29. Bxb4 axb4 30. Rd7 Rf8 31. g5 hxg5 32. fxg5 Bf3 33. g6 Bxh5 34. Bxf7+ Kh8 35. Rd5 Bf3 36. Rd4 Rc8 37. Rh4+ 1-0

[Event "CZE-ch U14 Girls"]
[Site "Luhacovice"]
[Date "2022.03.14"]
[Round "4"]
[White "Veverkova, Dorota"]
[Black "Zadrapova, Amalie"]
[Result "0-1"]
[WhiteElo "1320"]
[BlackElo "1582"]
[PlyCount "64"]
[EventDate "2022.03.12"]
[EventType "swiss"]
[EventRounds "9"]
[EventCountry "CZE"]
[SourceTitle "EXT 2023"]
[Source "ChessBase"]
[SourceDate "2022.10.05"]
[SourceVersion "1"]
[SourceVersionDate "2022.10.05"]
[SourceQuality "1"]

1. e4 c5 2. Nc3 Nc6 3. f4 g6 4. Nf3 Bg7 5. Bb5 e6 6. 0-0 Nge7 7. d3 0-0 8. Be3 Nd4 9. Rb1 d6 10. a3 b6 11. g4 f5 12. gxf5 exf5 13. Bc4+ Kh8 14. e5 d5 15. Ba2 Ne6 16. d4 c4 17. Kh1 Rg8 18. Nb5 Bd7 19. Nd6 Be8 20. Rg1 Nc8 21. Nxc8 Rxc8 22. c3 Bh6 23. Ng5 Bxg5 24. fxg5 Rc7 25. Qf3 Rf7 26. b3 b5 27. Bf2 Bc6 28. Rg3 Nxg5 29. Qf4 Ne4 30. Rh3 g5 31. Qe3 f4 32. Qe2 Bd7 0-1

[Event "CZE-ch U12 Girls"]
[Site "Kouty nad Desnou"]
[Date "2020.03.12"]
[Round "7"]
[White "Cinkova, Vicky"]
[Black "Zadrapova, Amalie"]
[Result "1-0"]
[WhiteElo "1221"]
[BlackElo "1425"]
[PlyCount "61"]
[EventDate "2020.03.07"]
[EventType "swiss"]
[EventRounds "7"]
[EventCountry "CZE"]
[SourceTitle "CBM 195 Extra"]
[Source "ChessBase"]
[SourceDate "2020.05.31"]
[SourceVersion "1"]
[SourceVersionDate "2020.05.31"]
[SourceQuality "1"]

1. e4 c5 2. Nf3 d6 3. d4 cxd4 4. Nxd4 Nf6 5. Nc3 a6 6. Bc4 e6 7. a3 Be7 8. Ba2 Nc6 9. 0-0 0-0 10. Be3 Bd7 11. f4 Qc7 12. f5 Nxd4 13. Bxd4 e5 14. Be3 Bc6 15. Bg5 Nxe4 16. Nxe4 Bxe4 17. Bxe7 Qxe7 18. Qg4 d5 19. f6 Qc5+ 20. Kh1 Bg6 21. h4 h5 22. Qg5 Qd4 23. Rad1 Qxb2 24. Bxd5 Qxc2 25. Rd2 gxf6 26. Rxf6 Qb1+ 27. Kh2 Kh7 28. Rdf2 Kg7 29. Rxf7+ Rxf7 30. Rxf7+ Kg8 31. Rxb7+ 1-0

[Event "CZE-ch U12 Girls"]
[Site "Kouty nad Desnou"]
[Date "2020.03.11"]
[Round "6"]
[White "Zadrapova, Amalie"]
[Black "Veverkova, Dorota"]
[Result "1-0"]
[WhiteElo "1425"]
[BlackElo "1222"]
[PlyCount "55"]
[EventDate "2020.03.07"]
[EventType "swiss"]
[EventRounds "7"]
[EventCountry "CZE"]
[SourceTitle "CBM 195 Extra"]
[Source "ChessBase"]
[SourceDate "2020.05.31"]
[SourceVersion "1"]
[SourceVersionDate "2020.05.31"]
[SourceQuality "1"]

1. e4 c5 2. Nf3 d6 3. d4 cxd4 4. Nxd4 Nf6 5. Nc3 g6 6. Be3 Bg7 7. f3 0-0 8. Qd2 Nc6 9. Bc4 Bd7 10. 0-0-0 Qa5 11. Kb1 Rfc8 12. Bb3 Ne5 13. h4 Nc4 14. Bxc4 Rxc4 15. h5 Nxh5 16. g4 Nf6 17. Bh6 Bh8 18. Nf5 Bxf5 19. gxf5 Rac8 20. Nd5 Qd8 21. fxg6 fxg6 22. Nxf6+ Bxf6 23. Rdg1 Rxc2 24. Qd5+ Kh8 25. Bg7+ Kxg7 26. Rxh7+ Kxh7 27. Qf7+ Bg7 28. Rh1+ 1-0

[Event "CZE-ch U12 Girls"]
[Site "Kouty nad Desnou"]
[Date "2020.03.08"]
[Round "2"]
[White "Zadrapova, Amalie"]
[Black "Zilava, Lucie"]
[Result "1-0"]
[WhiteElo "1425"]
[BlackElo "1100"]
[PlyCount "91"]
[EventDate "2020.03.07"]
[EventType "swiss"]
[EventRounds "7"]
[EventCountry "CZE"]
[SourceTitle "CBM 195 Extra"]
[Source "ChessBase"]
[SourceDate "2020.05.31"]
[SourceVersion "1"]
[SourceVersionDate "2020.05.31"]
[SourceQuality "1"]

1. e4 e5 2. Nf3 Nc6 3. Bb5 Nf6 4. 0-0 Bc5 5. d3 d5 6. Nxe5 Qe7 7. Nxc6 Qd7 8. exd5 0-0 9. Nxa7 Qxd5 10. Nxc8 Raxc8 11. Nc3 Qd4 12. Be3 Qd6 13. Bxc5 Qxc5 14. Bc4 Rcd8 15. Qf3 c6 16. Rfe1 Rfe8 17. Ne4 Qe7 18. Nxf6+ Qxf6 19. Qxf6 gxf6 20. Kf1 Kf8 21. Rxe8+ Rxe8 22. Re1 Rc8 23. Re4 b5 24. Bb3 Kg7 25. Re7 Rf8 26. Rc7 f5 27. Rxc6 Rb8 28. Rc7 Rf8 29. Rb7 Kf6 30. Rxb5 f4 31. d4 Ke7 32. c4 Kd7 33. d5 Kc7 34. c5 Rc8 35. a4 f5 36. a5 f3 37. gxf3 f4 38. a6 h5 39. Ra5 Ra8 40. d6+ Kc6 41. a7 Kb7 42. Bd5+ Kc8 43. Bxa8 Kd7 44. Bd5 h4 45. a8Q h3 46. Ra7# 1-0

[Event "EU-ch U10 Girls"]
[Site "Bratislava"]
[Date "2019.08.10"]
[Round "9"]
[White "Arzur, Maia"]
[Black "Zadrapova, Amalie"]
[Result "1-0"]
[WhiteElo "1507"]
[BlackElo "1260"]
[PlyCount "121"]
[EventDate "2019.08.02"]
[EventType "swiss"]
[EventRounds "9"]
[EventCountry "SVK"]
[SourceTitle "EXT 2020"]
[Source "ChessBase"]
[SourceDate "2019.10.17"]
[SourceVersion "1"]
[SourceVersionDate "2019.10.17"]
[SourceQuality "1"]

1. e4 c5 2. Nf3 d6 3. d4 cxd4 4. Nxd4 Nf6 5. Nc3 a6 6. f3 b5 7. g4 h6 8. h4 e6 9. Be3 Be7 10. Qd2 Bb7 11. Bd3 Nc6 12. 0-0-0 Nd7 13. Rdg1 Nc5 14. Nxc6 Bxc6 15. Be2 b4 16. Nd1 a5 17. g5 h5 18. Nf2 d5 19. e5 a4 20. Bd4 b3 21. cxb3 axb3 22. a3 Rc8 23. Kb1 Na4 24. Nd3 Bd7 25. Rc1 Rxc1+ 26. Rxc1 0-0 27. f4 g6 28. Nc5 Nxc5 29. Bxc5 Bxc5 30. Rxc5 Qb8 31. Bd1 Ba4 32. Rc3 Rc8 33. Rxc8+ Qxc8 34. Qc3 Qc4 35. Qxc4 dxc4 36. Kc1 c3 37. bxc3 b2+ 38. Kxb2 Bxd1 39. c4 Kf8 40. Kc3 Ke8 41. Kb4 Kd7 42. Kb5 Kc7 43. a4 Be2 44. a5 Bf3 45. Kc5 Bc6 46. Kb4 Bd7 47. Kc5 Be8 48. Kb4 Kc6 49. c5 Kb7 50. Kc4 Bc6 51. Kc3 Ka6 52. Kb4 Bd7 53. c6 Bxc6 54. Kc5 Bb5 55. Kd6 Kb7 56. Ke7 Kc7 57. Kxf7 Kd7 58. Kxg6 Ke7 59. Kg7 Bd3 60. g6 Ba6 61. Kh8 1-0

[Event "EU-chT U12 Girls"]
[Site "Pardubice"]
[Date "2019.07.13"]
[Round "3.2"]
[White "Zadrapova, Amalie"]
[Black "Goriachkina, Oksana"]
[Result "1-0"]
[WhiteElo "1248"]
[BlackElo "1417"]
[PlyCount "127"]
[EventDate "2019.07.11"]
[EventType "team-tourn"]
[EventRounds "7"]
[EventCountry "CZE"]
[SourceTitle "EXT 2020"]
[Source "ChessBase"]
[SourceDate "2019.10.17"]
[SourceVersion "1"]
[SourceVersionDate "2019.10.17"]
[SourceQuality "1"]
[WhiteTeam "Czech Republic U12 Girls II"]
[BlackTeam "Yamal U12 Girls"]
[WhiteTeamCountry "CZE"]
[BlackTeamCountry "RUS"]

1. e4 c6 2. d4 d5 3. Nc3 dxe4 4. Nxe4 Nf6 5. Ng3 Bg4 6. f3 Bc8 7. Be3 e6 8. Qd2 Be7 9. 0-0-0 0-0 10. h4 Nd5 11. Bg5 Nd7 12. a3 a6 13. Bd3 b5 14. Bh6 Nc7 15. Bxg7 f5 16. Bxf8 Qxf8 17. c3 Nd5 18. N1e2 N7b6 19. Nh5 Kf7 20. g4 Ke8 21. gxf5 exf5 22. Nhf4 Kd7 23. Nxd5 Nxd5 24. Nf4 Qf7 25. Nxd5 Qxd5 26. Qc2 Kc7 27. c4 Qxd4 28. cxb5 Qe3+ 29. Kb1 Qxf3 30. Qxc6+ Qxc6 31. bxc6 Kxc6 32. Rdf1 Rb8 33. b4 a5 34. b5+ Kc7 35. a4 Bb7 36. Rhg1 Bxh4 37. Rg7+ Kd6 38. Rxh7 Bg3 39. Rxf5 Ba8 40. Rh6+ Ke7 41. Bc2 Rg8 42. Rh7+ Kd6 43. b6 Rb8 44. Rh6+ Ke7 45. Rxa5 Bf4 46. Ra7+ Rb7 47. Rh7+ Kd6 48. Rhxb7 Bxb7 49. Rxb7 Kc6 50. Be4+ Kc5 51. Rf7 Bg3 52. b7 Kb6 53. Rf8 Kc5 54. b8Q Bxb8 55. Rxb8 Kd4 56. a5 Kxe4 57. a6 Kd5 58. a7 Kd4 59. a8Q Ke5 60. Qa4 Kd6 61. Rb5 Ke7 62. Qa6 Kf7 63. Rb7+ Ke8 64. Qa8# 1-0

[Event "EU Union-ch U10"]
[Site "Kouty nad Desnou"]
[Date "2018.08.09"]
[Round "3"]
[White "Hristova, Ivelina"]
[Black "Zadrapova, Amalie"]
[Result "1-0"]
[WhiteElo "1317"]
[BlackElo "1128"]
[PlyCount "39"]
[EventDate "2018.08.07"]
[EventType "swiss"]
[EventRounds "9"]
[EventCountry "CZE"]
[SourceTitle "CBM 186 Extra"]
[Source "ChessBase"]
[SourceDate "2018.08.24"]
[SourceVersion "1"]
[SourceVersionDate "2018.08.24"]
[SourceQuality "1"]

1. d4 d5 2. c4 e6 3. cxd5 exd5 4. Nc3 Nf6 5. Bg5 Be7 6. Nf3 0-0 7. e3 b6 8. Bd3 Bb7 9. Qc2 Ne4 10. Nxe4 dxe4 11. Bxe4 Bxe4 12. Qxe4 Bxg5 13. Qxa8 Be7 14. 0-0 a6 15. Qe4 Re8 16. Qc2 Bd6 17. Rfe1 Qf6 18. e4 Bf4 19. e5 Qh6 20. h3 1-0